Statistics for Cities with Largest Soccer Stadiums

Click here to take the quiz!

General Stats

  • This quiz has been taken 51 times
  • The average score is 9 of 16

Answer Stats

StadiumSeating CapacityCity% Correct
Wembley Stadium90,000London
98%
Camp Nou99,354Barcelona
95%
Stade de France81,388Paris
93%
Estadio Santiago Bernabeau81,044Madrid
91%
Estadio Azteca87,000Mexico City
86%
Stadio Giuseppe Meazza (San Siro)80,018Milan
86%
Signal Iduna Park (Westfalenstadion)81,365Dortmund
82%
Rungrado 1st of May Stadium150,000Pyongyang
73%
MetLife Stadium82,500New York
70%
Guangdong Olympic Stadium80,012Guangzhou
43%
Estadio Monumental80,093Lima
25%
Salt Lake Stadium (Yuvabharati)85,000Kolkata
20%
FNB Stadium94,736Johannesburg
18%
Borg El Arab Stadium86,000Alexandria
16%
Bukit Jalil National Stadium87,411Kuala Lumpur
14%
Shah Alam Stadium80,372Shah Alam
0%

Score Distribution

Percentile by Number Answered

Percent of People with Each Score

Your Score History

You have not taken this quiz